000 00161nam a22000857a 4500
245 _aThe Dynamic Power of Mind
260 _bNamya
300 _a237
942 _2ddc
_cBK
999 _c4557
_d4557